Pupa tuanglam : (Record no. 7295)
[ view plain ]
| 000 -LEADER | |
|---|---|
| fixed length control field | 00507nam a22001817a 4500 |
| 003 - CONTROL NUMBER IDENTIFIER | |
| control field | GBCCL |
| 005 - DATE AND TIME OF LATEST TRANSACTION | |
| control field | 20241126110624.0 |
| 008 - FIXED-LENGTH DATA ELEMENTS--GENERAL INFORMATION | |
| fixed length control field | 180724b ||||| |||| 00| 0 eng d |
| 040 ## - CATALOGING SOURCE | |
| Transcribing agency | gbc |
| 082 ## - DEWEY DECIMAL CLASSIFICATION NUMBER | |
| Classification number | VER 390.08 |
| Item number | VUN |
| 100 ## - MAIN ENTRY--PERSONAL NAME | |
| Personal name | Vungkhothang, T |
| 9 (RLIN) | 10352 |
| 245 ## - TITLE STATEMENT | |
| Title | Pupa tuanglam : |
| Remainder of title | the custom and culture of Paite forefathers/ |
| Statement of responsibility, etc. | T. Vungkhothang |
| 250 ## - EDITION STATEMENT | |
| Edition statement | 2nd ed. |
| 260 ## - PUBLICATION, DISTRIBUTION, ETC. | |
| Date of publication, distribution, etc. | Lamka: |
| Place of publication, distribution, etc. | TVMET, |
| Name of publisher, distributor, etc. | 2015 |
| 300 ## - PHYSICAL DESCRIPTION | |
| Extent | 72p. ; |
| 650 ## - SUBJECT ADDED ENTRY--TOPICAL TERM | |
| Topical term or geographic name entry element | Custom and culture |
| Form subdivision | Paite |
| Geographic subdivision | India |
| 9 (RLIN) | 12930 |
| 942 ## - ADDED ENTRY ELEMENTS (KOHA) | |
| Source of classification or shelving scheme | Dewey Decimal Classification |
| Koha item type | Books |
| Koha issues (borrowed), all copies | 19 |
| Withdrawn status | Lost status | Source of classification or shelving scheme | Damaged status | Not for loan | Collection | Home library | Current Library | Shelving location | Date acquired | Total checkouts | Full call number | Barcode | Date last seen | Date last checked out | Copy number | Price effective from | Koha item type | Total renewals |
|---|---|---|---|---|---|---|---|---|---|---|---|---|---|---|---|---|---|---|
| Dewey Decimal Classification | GRACE BIBLE COLLEGE | GRACE BIBLE COLLEGE | Vernacular | 2018-07-24 | 8 | VER 390.08 VUN | 020017 | 2026-01-20 | 2026-01-15 | c.1 | 2018-07-24 | Books | ||||||
| Dewey Decimal Classification | GRACE BIBLE COLLEGE | GRACE BIBLE COLLEGE | Vernacular | 2018-11-09 | 16 | VER 390.08 VUN | 020035 | 2026-02-17 | 2026-02-16 | c.2 | 2018-11-09 | Books | 1 |